Ergonomía 4 : (Record no. 93448)

MARC details
000 -CABECERA
campo de control de longitud fija 00719nam a2200217 a 4500
005 - FECHA Y HORA DE LA ÚLTIMA TRANSACCIÓN
campo de control 20220811134535.0
008 - ELEMENTOS DE LONGITUD FIJA--INFORMACIÓN GENERAL
campo de control de longitud fija 021202s2002 mx r 000 0 spa d
020 ## - NÚMERO INTERNACIONAL NORMALIZADO PARA LIBROS
Número Internacional Estándar del Libro 9701507827
035 ## - NÚMERO DE CONTROL DEL SISTEMA
Número de control de sistema UPN01000121158
049 ## - COLECCIÓN
Colección CG
050 #4 - SIGNATURA TOPOGRÁFICA DE LA BIBLIOTECA DEL CONGRESO
Número de clasificación TA166
Número de documento/Ítem E7.4
245 00 - MENCIÓN DE TÍTULO
Título Ergonomía 4 :
Resto del título el trabajo en oficinas /
Mención de responsabilidad, etc. Pedro R. Mondelo ... [et al.].
260 ## - PUBLICACIÓN, DISTRIBUCIÓN, ETC.
Lugar de publicación, distribución, etc. México :
Nombre del editor, distribuidor, etc. Alfaomega,
Fecha de publicación, distribución, etc. c2002.
300 ## - DESCRIPCIÓN FÍSICA
Extensión 328 p. :
Otras características físicas il. +
Material acompañante/anejo 1 CD-ROM ; 4 3/4 plg.
500 ## - NOTA GENERAL
Nota general Contenido del CD-ROM: Programas Calcilum V.1.0,Ofiterm V.1.0 y Ofisonor V.1.0
500 ## - NOTA GENERAL
Nota general "Mutua universal"
500 ## - NOTA GENERAL
Nota general En el lomo del libro aparece el número 782
650 #4 - ASIENTO SECUNDARIO DE MATERIA - TERMINO TEMATICO
Término de materia o nombre geográfico como elemento de entrada Ergonomía
9 (RLIN) 12511
700 1# - ASIENTO SECUNDARIO--NOMBRE DE PERSONAL
Nombre de persona Mondelo, Pedro R.,
Término indicativo de función/relación coaut.
905 ## - TIPO DE MATERIAL
Tipo de material Libro
Holdings
Estado de retiro Estado de pérdida Fuente del sistema de clasificación o colocación Estado dañado No para préstamo Código de colección Localización permanente Ubicación/localización actual Ubicación en estantería Total de préstamos Clasificación Código de barras Fecha visto por última vez Número de copia Tipo de ítem Koha Fecha de adquisición Precio válido a partir de Nota pública
    Library of Congress Classification     Colección General Bib. Gregorio Torres Quintero Bib. Gregorio Torres Quintero Planta baja   TA166 E7.4 208805 31/12/2020 1 Libro      
    Library of Congress Classification     Materiales complementarios y otros recursos electrónicos  Bib. Gregorio Torres Quintero Bib. Gregorio Torres Quintero Mostrador de préstamo Planta baja   TA166 E7.4 339222 21/06/2024   Disco Compacto 21/06/2024 21/06/2024 Solicítalo en el mostrador de préstamo